Normal view MARC view
  • CHANDER, SUBHAS AND JHA, SHASHI BHUSAN

Entry Personal Name

Number of records used in: 1

001 - CONTROL NUMBER

  • control field: 3998

003 - CONTROL NUMBER IDENTIFIER

  • control field: OSt

005 - DATE AND TIME OF LATEST TRANSACTION

  • control field: 20171204155034.0

008 - FIXED-LENGTH DATA ELEMENTS

  • fixed length control field: 171204|| aca||aabn | a|a d

040 ## - CATALOGING SOURCE

  • Original cataloging agency: OSt
  • Transcribing agency: OSt

100 ## - HEADING--PERSONAL NAME

  • Personal name: CHANDER, SUBHAS AND JHA, SHASHI BHUSAN

670 ## - SOURCE DATA FOUND

  • Source citation: Work cat.: (OSt): CHANDER, SUBHAS AND JHA, SHASHI BHUSAN, ENGINEERING PHYSICS AND CHEMISTRY